00247nam a2200097Ia 4500008004100000082001700041100001500058245002600073260004200099300000800141191201s2013 xx 000 0 und d a620.112bKHS aKHURMI, RS 0aStrength of Materials c2013bS Chand and Co. Ltd.aNEW DELHI a862